Music Quiz

Random Music or Nintendo Quiz

Love is Blindness lyrics Quiz Stats

 Plays Quiz not verified by Sporcle

Challenge
Share
Tweet
Score 0/171 Timer 07:00
1 Play Today
Lyrics % Correct
love
100%
blindness
100%
I
100%
love
100%
blindness
100%
I
100%
love
100%
love
100%
blindness
100%
love
100%
blindness
100%
love
100%
blindness
100%
I
100%
love
100%
blindness
100%
love
100%
blindness
100%
love
100%
blindness
100%
I
100%
love
100%
blindness
100%
blindness
100%
is
98%
the
98%
is
98%
the
98%
is
98%
the
98%
is
98%
is
98%
is
98%
the
98%
the
98%
is
98%
the
98%
is
98%
the
98%
the
98%
is
98%
the
98%
the
98%
don't
96.1%
see
96.1%
me
96.1%
a
96.1%
a
96.1%
see
96.1%
don't
96.1%
see
96.1%
me
96.1%
a
96.1%
a
96.1%
a
96.1%
don't
96.1%
don't
96.1%
Lyrics % Correct
see
96.1%
don't
96.1%
me
96.1%
you
94.1%
you
94.1%
you
94.1%
you
94.1%
wanna
92.2%
around
92.2%
Oh
92.2%
wanna
92.2%
around
92.2%
oh
92.2%
wanna
92.2%
around
92.2%
oh
92.2%
oh
92.2%
wrap
90.2%
night
90.2%
my
90.2%
my
90.2%
wrap
90.2%
night
90.2%
my
90.2%
night
90.2%
wrap
90.2%
my
90.2%
in
88.2%
in
88.2%
on
86.3%
take
84.3%
it
84.3%
take
84.3%
it
84.3%
and
82.4%
and
82.4%
and
82.4%
and
82.4%
to
80.4%
feel
80.4%
to
80.4%
why
80.4%
why
80.4%
to
80.4%
feel
80.4%
crowded
78.4%
street
78.4%
made
78.4%
all
78.4%
all
78.4%
won't
76.5%
complete
76.5%
won't
76.5%
no
76.5%
no
76.5%
car
74.5%
blow
74.5%
Lyrics % Correct
candle
74.5%
blow
74.5%
candle
74.5%
heart
72.5%
I'm
72.5%
numb
72.5%
out
72.5%
warning
72.5%
I'm
72.5%
I'm
72.5%
numb
72.5%
out
72.5%
parked
70.6%
too
70.6%
deep
70.6%
too
70.6%
little
68.6%
baby
68.6%
well
68.6%
without
66.7%
makes
66.7%
money
66.7%
honey
66.7%
slipping
64.7%
one
64.7%
steel
64.7%
almost
64.7%
sense
64.7%
just
64.7%
fingers
62.7%
handle
62.7%
three
60.8%
three
60.8%
death
60.8%
tell
60.8%
two
58.8%
two
58.8%
two
58.8%
thread
58.8%
clockworks
58.8%
cold
58.8%
mourning
58.8%
so
58.8%
of
56.9%
ripping
54.9%
knot
54.9%
nobody
54.9%
squeeze
52.9%
drowning
52.9%
secrets
52.9%
call
51%
idea
51%
sick
51%
it's
47.1%
dangerous
43.1%
else
37.3%
now
35.3%

You're not logged in!

Compare scores with friends on all Sporcle quizzes.
OR
Log In

You Might Also Like...

Show Comments

Extras

Top Quizzes Today


Score Distribution

Your Account Isn't Verified!

In order to create a playlist on Sporcle, you need to verify the email address you used during registration. Go to your Sporcle Settings to finish the process.

Report this User

Report this user for behavior that violates our Community Guidelines.

Details: